<?xml version="1.0" encoding="UTF-8"?>
<collection xmlns="http://www.loc.gov/MARC21/slim">
 <record>
  <leader>05303nam a22005775i 4500</leader>
  <controlfield tag="001">978-3-319-10142-2</controlfield>
  <controlfield tag="003">DE-He213</controlfield>
  <controlfield tag="005">20210619194058.0</controlfield>
  <controlfield tag="007">cr nn 008mamaa</controlfield>
  <controlfield tag="008">141028s2015    gw |    s    |||| 0|eng d</controlfield>
  <datafield tag="020" ind1=" " ind2=" ">
   <subfield code="a">9783319101422</subfield>
   <subfield code="9">978-3-319-10142-2</subfield>
  </datafield>
  <datafield tag="024" ind1="7" ind2=" ">
   <subfield code="a">10.1007/978-3-319-10142-2</subfield>
   <subfield code="2">doi</subfield>
  </datafield>
  <datafield tag="050" ind1=" " ind2="4">
   <subfield code="a">QH491</subfield>
  </datafield>
  <datafield tag="072" ind1=" " ind2="7">
   <subfield code="a">PSC</subfield>
   <subfield code="2">bicssc</subfield>
  </datafield>
  <datafield tag="072" ind1=" " ind2="7">
   <subfield code="a">SCI072000</subfield>
   <subfield code="2">bisacsh</subfield>
  </datafield>
  <datafield tag="072" ind1=" " ind2="7">
   <subfield code="a">PSC</subfield>
   <subfield code="2">thema</subfield>
  </datafield>
  <datafield tag="082" ind1="0" ind2="4">
   <subfield code="a">571.8</subfield>
   <subfield code="2">23</subfield>
  </datafield>
  <datafield tag="245" ind1="1" ind2="0">
   <subfield code="a">Genetic Transformation Systems in Fungi, Volume 1</subfield>
   <subfield code="h">[electronic resource] /</subfield>
   <subfield code="c">edited by Marco A. van den Berg, Karunakaran Maruthachalam.</subfield>
  </datafield>
  <datafield tag="250" ind1=" " ind2=" ">
   <subfield code="a">1st ed. 2015.</subfield>
  </datafield>
  <datafield tag="264" ind1=" " ind2="1">
   <subfield code="a">Cham :</subfield>
   <subfield code="b">Springer International Publishing :</subfield>
   <subfield code="b">Imprint: Springer,</subfield>
   <subfield code="c">2015.</subfield>
  </datafield>
  <datafield tag="300" ind1=" " ind2=" ">
   <subfield code="a">XV, 318 p. 69 illus., 17 illus. in color.</subfield>
   <subfield code="b">online resource.</subfield>
  </datafield>
  <datafield tag="336" ind1=" " ind2=" ">
   <subfield code="a">text</subfield>
   <subfield code="b">txt</subfield>
   <subfield code="2">rdacontent</subfield>
  </datafield>
  <datafield tag="337" ind1=" " ind2=" ">
   <subfield code="a">computer</subfield>
   <subfield code="b">c</subfield>
   <subfield code="2">rdamedia</subfield>
  </datafield>
  <datafield tag="338" ind1=" " ind2=" ">
   <subfield code="a">online resource</subfield>
   <subfield code="b">cr</subfield>
   <subfield code="2">rdacarrier</subfield>
  </datafield>
  <datafield tag="347" ind1=" " ind2=" ">
   <subfield code="a">text file</subfield>
   <subfield code="b">PDF</subfield>
   <subfield code="2">rda</subfield>
  </datafield>
  <datafield tag="490" ind1="1" ind2=" ">
   <subfield code="a">Fungal Biology,</subfield>
   <subfield code="x">2198-7777</subfield>
  </datafield>
  <datafield tag="505" ind1="0" ind2=" ">
   <subfield code="a">Fungal Transformation: From Protoplasts to Targeted Recombination Systems -- Protoplast Transformation for Genome Manipulation in Fungi -- Trichoderma Transformation Methods -- Transformation of Mucor circinelloides f. lusitanicus Protoplasts -- Transformation of Saccharomyces cerevisiae: Spheroplast Method -- Electroporation Mediated DNA Transformation of Filamentous Fungi -- Chemical Transformation of Candida albicans -- Electroporation of Pichia pastoris -- Insertional Mutagenesis of the Flavinogenic Yeast Candida famata (Candida flareli) -- Biolistic Transformation for Delivering DNA into the Mitochondria -- Bolistic Transformation of Candida glabrata for Homoplasmic Mitochondrial Genome Transformants -- Use of the Biolistic Particle Delivery System to Transform Fungal Genomes -- Transformation of Zygomycete Mortierella alpina Using Biolistic Particle Bombardment -- Agrobacterium tumefaciens-Mediated Transformation -- Agrobacterium tumefaciens-Mediated Transformation of Pucciniomycotina Red Yeasts -- Glass-bead and Agrobacterium-mediated Genetic Transformation of Fusarium oxysporum -- High Efficiency DNA Transformation of Saccharomyces cerevisiae with the LiAc/SS-DNA/PEG Method -- Transformation of Intact Cells of Saccharomyces cerevisiae: Lithium Methods and Possible Underlying Mechanism -- Transformation of Lithium Acetate-treated Neurospora crassa -- Application of Novel Polymeric Carrier of Plasmid DNA for Transformation of Yeast Cells -- Transformation of Fungi Using Shock Waves -- Pathways and Mechanisms of Yeast Competence: A New Frontier of Yeast Genetics -- Evaluation of Competence Phenomenon of Yeast Saccharomyces cerevisiae by Lipophilic Cations Accumulation and FT-IR Spectroscopy. Relation of Competence to Cell Cycle -- Recombination and Gene Targeting in Neurospora -- Efficient Generation of Aspergillus niger Knock Out strains by Combining NHEJ Mutants and a Split Marker Approach -- REMI in Molecular Fungal Biology -- TALEN-Based Genome Editing in Yeast.</subfield>
  </datafield>
  <datafield tag="520" ind1=" " ind2=" ">
   <subfield code="a">Several different transformation techniques have been developed over the years and readily shown to be decisive methods in fungal biotechnology. This book will cover the basics behind the most commonly used transformation methods, as well as associated tools and techniques. Each chapter will provide protocols along with examples used in laboratories worldwide. Not only will this text provide a detailed background on applications in industrial and pharmaceutical relevant microbes, but also the importance of fungal pathogens in agricultural production (Phytophthora and Botrytis) and mammalian infection (Penicillium marneffei and Candida). Genetic Transformation Systems in Fungi, Volume 1 provides in-depth coverage of how the transformation of DNA is used to understand the genetic basis behind these fungal traits.</subfield>
  </datafield>
  <datafield tag="650" ind1=" " ind2="0">
   <subfield code="a">Developmental biology.</subfield>
  </datafield>
  <datafield tag="650" ind1=" " ind2="0">
   <subfield code="a">Plant genetics.</subfield>
  </datafield>
  <datafield tag="650" ind1=" " ind2="0">
   <subfield code="a">Plant pathology.</subfield>
  </datafield>
  <datafield tag="650" ind1=" " ind2="0">
   <subfield code="a">Plant breeding.</subfield>
  </datafield>
  <datafield tag="650" ind1=" " ind2="0">
   <subfield code="a">Systems biology.</subfield>
  </datafield>
  <datafield tag="650" ind1="1" ind2="4">
   <subfield code="a">Developmental Biology.</subfield>
   <subfield code="0">https://scigraph.springernature.com/ontologies/product-market-codes/L18000</subfield>
  </datafield>
  <datafield tag="650" ind1="2" ind2="4">
   <subfield code="a">Plant Genetics and Genomics.</subfield>
   <subfield code="0">https://scigraph.springernature.com/ontologies/product-market-codes/L32020</subfield>
  </datafield>
  <datafield tag="650" ind1="2" ind2="4">
   <subfield code="a">Plant Pathology.</subfield>
   <subfield code="0">https://scigraph.springernature.com/ontologies/product-market-codes/L24035</subfield>
  </datafield>
  <datafield tag="650" ind1="2" ind2="4">
   <subfield code="a">Plant Breeding/Biotechnology.</subfield>
   <subfield code="0">https://scigraph.springernature.com/ontologies/product-market-codes/L24060</subfield>
  </datafield>
  <datafield tag="650" ind1="2" ind2="4">
   <subfield code="a">Systems Biology.</subfield>
   <subfield code="0">https://scigraph.springernature.com/ontologies/product-market-codes/L15010</subfield>
  </datafield>
  <datafield tag="700" ind1="1" ind2=" ">
   <subfield code="a">van den Berg, Marco A.</subfield>
   <subfield code="e">editor.</subfield>
   <subfield code="4">edt</subfield>
   <subfield code="4">http://id.loc.gov/vocabulary/relators/edt</subfield>
  </datafield>
  <datafield tag="700" ind1="1" ind2=" ">
   <subfield code="a">Maruthachalam, Karunakaran.</subfield>
   <subfield code="e">editor.</subfield>
   <subfield code="4">edt</subfield>
   <subfield code="4">http://id.loc.gov/vocabulary/relators/edt</subfield>
  </datafield>
  <datafield tag="710" ind1="2" ind2=" ">
   <subfield code="a">SpringerLink (Online service)</subfield>
  </datafield>
  <datafield tag="773" ind1="0" ind2=" ">
   <subfield code="t">Springer Nature eBook</subfield>
  </datafield>
  <datafield tag="776" ind1="0" ind2="8">
   <subfield code="i">Printed edition:</subfield>
   <subfield code="z">9783319101439</subfield>
  </datafield>
  <datafield tag="776" ind1="0" ind2="8">
   <subfield code="i">Printed edition:</subfield>
   <subfield code="z">9783319101415</subfield>
  </datafield>
  <datafield tag="776" ind1="0" ind2="8">
   <subfield code="i">Printed edition:</subfield>
   <subfield code="z">9783319379708</subfield>
  </datafield>
  <datafield tag="830" ind1=" " ind2="0">
   <subfield code="a">Fungal Biology,</subfield>
   <subfield code="x">2198-7777</subfield>
  </datafield>
  <datafield tag="856" ind1="4" ind2="0">
   <subfield code="u">https://doi.org/10.1007/978-3-319-10142-2</subfield>
  </datafield>
  <datafield tag="912" ind1=" " ind2=" ">
   <subfield code="a">ZDB-2-SBL</subfield>
  </datafield>
  <datafield tag="912" ind1=" " ind2=" ">
   <subfield code="a">ZDB-2-SXB</subfield>
  </datafield>
  <datafield tag="950" ind1=" " ind2=" ">
   <subfield code="a">Biomedical and Life Sciences (SpringerNature-11642)</subfield>
  </datafield>
  <datafield tag="950" ind1=" " ind2=" ">
   <subfield code="a">Biomedical and Life Sciences (R0) (SpringerNature-43708)</subfield>
  </datafield>
 </record>
</collection>
